000 00734cam a2200229 4500
001 M99630
008 000000n1996 000 0 eng u
022 _a13573098
035 _a(Sirsi) u104318
041 _a333.72
110 _aAssociation of Community Technical Aid Centres
_93833
245 _aGreen Building Digest: Carpets & floor- coverings
260 _aLiverpool
_bACTAC
_c1996
300 _a13p. ; 30cm.
490 _aGreen Building Digest
_vIssue No.9 March 1996
650 _aGREEN BUILDINGS
650 _aEnvironment
_96238
650 _aBUILT ENVIRONMENT-BUILDING MATERIALS
650 _aECO-FRIENDLY
690 _aBUILT ENVIRONMENT-BUILDING MAINTENANCE AND REFURBISHMENT-BUILDING CONSERVATION
942 _n0
999 _c100238
_d100238